[Event "Nebug-ch"]
[Site "Nebug"]
[Date "2015.03.29"]
[Round "9"]
[White "Li, Sergey"]
[Black "Bzhakhova, Ludmila"]
[Result "1-0"]
[WhiteElo "2117"]
[BlackElo "1652"]
[PlyCount "27"]
[EventDate "2015.03.21"]
[EventType "swiss"]
[EventRounds "9"]
[EventCountry "RUS"]
[SourceTitle "EXT 2016"]
[Source "ChessBase"]
[SourceDate "2015.10.08"]
[SourceVersion "1"]
[SourceVersionDate "2015.10.08"]
[SourceQuality "1"]

1. d4 d5 2. Nf3 Bg4 3. Ne5 Nf6 4. c3 Bd7 5. Bg5 h6 6. Bh4 g5 7. Bg3 Ne4 8. Qb3 Bc6 9. Nxc6 bxc6 10. Qb7 Nxg3 11. hxg3 Nd7 12. Qxc6 e6 13. e3 a6 14. Bxa6 1-0

[Event "Sukhumi op"]
[Site "Sukhumi"]
[Date "2008.08.04"]
[Round "2"]
[White "Li, Sergey"]
[Black "Lebedev, Sergey"]
[Result "0-1"]
[WhiteElo "2117"]
[BlackElo "2325"]
[PlyCount "98"]
[EventDate "2008.08.03"]
[EventType "swiss"]
[EventRounds "9"]
[EventCountry "GEO"]
[SourceTitle "CBM 126 Extra"]
[Source "ChessBase"]
[SourceDate "2008.11.05"]
[SourceVersion "1"]
[SourceVersionDate "2008.11.05"]
[SourceQuality "1"]

1. e4 c5 2. Nf3 e6 3. d4 cxd4 4. Nxd4 Nc6 5. Be2 Nf6 6. Nxc6 bxc6 7. e5 Qa5+ 8. c3 Qxe5 9. 0-0 Be7 10. Nd2 d5 11. Nf3 Qc7 12. Re1 0-0 13. Bd3 Nd7 14. Qc2 h6 15. Qe2 Bf6 16. g4 e5 17. Bf5 e4 18. Nd4 Nc5 19. g5 hxg5 20. Qg4 Nd3 21. Bxg5 Ne5 22. Qh4 Bxf5 23. Bxf6 gxf6 24. Re3 Bc8 25. Rg3+ Ng6 26. Qxf6 Re8 27. Kh1 Qe5 28. Qxc6 Be6 29. Rag1 Kg7 30. Qb7 Kh6 31. Rg5 Qxg5 32. Rxg5 Kxg5 33. Qc7 Kf6 34. Kg2 Rh8 35. Kf1 Rh4 36. a4 Ne5 37. Nc6 Nxc6 38. Qxc6 Rah8 39. Qc7 Kf5 40. Qxa7 Rxh2 41. c4 R8h3 42. cxd5 Bxd5 43. Qc5 Rd3 44. Ke2 Rh1 45. Qc8+ Be6 46. Qc5+ Rd5 47. Qc3 Rdd1 48. Qc5+ Kg4 49. f3+ exf3+ 0-1